000 00650cam a2200241 4500
008 090401t1995 xxu||||| |||| 00| 0 eng d
020 _a0752001523
035 _a(Sirsi) u65052
041 _aeng
050 _a346.41078
100 _aDoyle, Louis G.
245 _aAdministrative receivership: law and practice.
260 _aLondon
_bFT Law & Tax
_c1995
300 _axl,433p. ; 24cm.
350 _a65
650 _aADMINISTRATIVE RECEIVERS
650 _aInsolvency
_96247
650 _aLAW OF PROPERTY ACT RECEIVERS
650 _aRECEIVERS
690 _aPROPERTY-PROPERTY FINANCE AND INVESTMENT
942 _n0
948 _c04/03/1997
999 _c94730
_d94730